000 00405 a2200109 4500
001 ART_38230
005 20260410161804.0
008 260409a
245 1 0 _aAspectos jurídicos y regulatorios con impacto sobre la transformación, fusión y escisión de la sociedad anónima
100 1 _aPapa, Rodolfo G.
773 0 _tDoctrina Societaria y Concursal
_g- Nº 328 (mar. 2015)
_wREV4298
999 _c20815
_d20815